[Event "FRA-chT Top 16 Gp Basse"]
[Site "Chartres"]
[Date "2023.06.10"]
[Round "3.2"]
[White "Savina, Anastasia"]
[Black "Housieaux, David"]
[Result "0-1"]
[WhiteElo "2341"]
[BlackElo "2397"]
[PlyCount "76"]
[EventDate "2023.06.08"]
[EventType "team-tourn"]
[EventRounds "4"]
[EventCountry "FRA"]
[SourceTitle "CBM 214 Extra"]
[Source "ChessBase"]
[SourceDate "2023.07.31"]
[SourceVersion "1"]
[SourceVersionDate "2023.07.31"]
[SourceQuality "1"]
[WhiteTeam "Vandoeuvre"]
[BlackTeam "St Quentin"]
[WhiteTeamCountry "FRA"]
[BlackTeamCountry "FRA"]

1. d4 e6 2. c4 f5 3. g3 Nf6 4. Bg2 c6 5. Qc2 d5 6. Nh3 Bd6 7. 0-0 0-0 8. Bf4 Be7 9. Nc3 h6 10. Rad1 Nbd7 11. f3 dxc4 12. Bc1 e5 13. Kh1 exd4 14. Rxd4 Qa5 15. Rxc4 Nb6 16. Rd4 Nbd5 17. Nf4 Nxf4 18. gxf4 Be6 19. Bh3 Nd5 20. Nxd5 Bxd5 21. b3 Qc5 22. Qd1 Bf6 23. Rd3 Rfe8 24. Qd2 Rad8 25. Bb2 Qe7 26. Bxf6 Qxf6 27. Qc2 g6 28. Rg1 Kh7 29. Bf1 Qh4 30. Qc1 Bf7 31. e4 fxe4 32. fxe4 Rxe4 33. Rxd8 Qxd8 34. Bg2 Bd5 35. Rd1 Qh4 36. Qc3 Re2 37. Rg1 Rxg2 38. Rxg2 Qf2 0-1

[Event "FRA-chT Top 16 Gp Basse"]
[Site "Chartres"]
[Date "2023.06.08"]
[Round "1.3"]
[White "Housieaux, David"]
[Black "Roos, Louis"]
[Result "1/2-1/2"]
[WhiteElo "2397"]
[BlackElo "2254"]
[PlyCount "86"]
[EventDate "2023.06.08"]
[EventType "team-tourn"]
[EventRounds "4"]
[EventCountry "FRA"]
[SourceTitle "CBM 214 Extra"]
[Source "ChessBase"]
[SourceDate "2023.07.31"]
[SourceVersion "1"]
[SourceVersionDate "2023.07.31"]
[SourceQuality "1"]
[WhiteTeam "St Quentin"]
[BlackTeam "Strasbourg"]
[WhiteTeamCountry "FRA"]
[BlackTeamCountry "FRA"]

1. d4 e6 2. c4 f5 3. Nc3 Nf6 4. Qc2 Bb4 5. e3 b6 6. Bd3 Bb7 7. f3 Bxc3+ 8. Qxc3 Qe7 9. Nh3 c5 10. 0-0 0-0 11. b3 Nc6 12. Bb2 a5 13. Rad1 a4 14. a3 axb3 15. Qxb3 d6 16. Rfe1 Na5 17. Qc3 Bc6 18. Nf4 Bd7 19. Qc2 Nb7 20. Rb1 e5 21. Nh3 e4 22. Be2 Ra6 23. Nf4 Ba4 24. Qc3 Rc8 25. d5 Bd7 26. Rf1 Nd8 27. Kh1 Nf7 28. fxe4 fxe4 29. Nh5 Nxh5 30. Bxh5 Ne5 31. Rf4 Rf8 32. Rbf1 Raa8 33. Be2 Rxf4 34. exf4 Ng6 35. Qe3 Re8 36. g3 Bh3 37. Re1 Qd7 38. Kg1 Bg4 39. Bf1 Bf3 40. h3 h5 41. Bg2 Bxg2 42. Kxg2 Qf5 43. Rf1 Qd7 1/2-1/2

[Event "FRA-ch Accession"]
[Site "Chartres"]
[Date "2019.08.21"]
[Round "5"]
[White "Gertosio, Franck"]
[Black "Housieaux, David"]
[Result "1/2-1/2"]
[WhiteElo "2267"]
[BlackElo "2402"]
[PlyCount "144"]
[EventDate "2019.08.17"]
[EventType "swiss"]
[EventRounds "9"]
[EventCountry "FRA"]
[SourceTitle "EXT 2020"]
[Source "ChessBase"]
[SourceDate "2019.10.17"]
[SourceVersion "1"]
[SourceVersionDate "2019.10.17"]
[SourceQuality "1"]

1. e4 e6 2. d4 d5 3. e5 c5 4. c3 Nc6 5. Nf3 Bd7 6. Bd3 cxd4 7. cxd4 Qb6 8. 0-0 Nxd4 9. Nbd2 Nc6 10. Nb3 Nge7 11. Be3 Qc7 12. Rc1 Ng6 13. Nc5 Bxc5 14. Bxc5 Ngxe5 15. Nxe5 Nxe5 16. f4 Nc4 17. Bd4 Bc6 18. b3 Nd6 19. Bxg7 Rg8 20. Bf6 Ne4 21. Bxe4 dxe4 22. f5 e3 23. Rc2 Be4 24. fxe6 fxe6 25. Rb2 Qc5 26. Kh1 Rc8 27. b4 Qd5 28. Qxd5 Bxd5 29. Bd4 Rc4 30. Bxe3 Rcg4 31. Rff2 Re4 32. Rfe2 a6 33. Kg1 Bc4 34. Re1 Rf8 35. Rf2 Rxf2 36. Bxf2 Rxe1+ 37. Bxe1 Bxa2 38. Kf2 Kd7 39. Ke3 Kd6 40. g4 e5 41. h4 Bb3 42. g5 Bd1 43. Bd2 Ke6 44. Be1 Kf5 45. Bc3 Bh5 46. Bb2 Be8 47. Bc3 Bc6 48. Bb2 Be8 49. Bc3 b6 50. Bd2 Bc6 51. Bc3 Be8 52. Be1 Bg6 53. Kf3 e4+ 54. Ke2 Ke5 55. Ke3 Kd5 56. Bd2 Kc4 57. h5 Bxh5 58. Kxe4 Bg6+ 59. Ke3 Kb5 60. Kd4 Bb1 61. Kc3 Bf5 62. Be3 Be6 63. Bf2 a5 64. bxa5 Kxa5 65. Kb2 b5 66. Be3 b4 67. Bc1 Kb5 68. Bf4 Kc4 69. Bd2 Bf7 70. Be1 b3 71. Bd2 Kd3 72. Bc1 Ke2 1/2-1/2

[Event "FRA-ch Accession"]
[Site "Chartres"]
[Date "2019.08.20"]
[Round "4"]
[White "Housieaux, David"]
[Black "Bujisho, Benjamin"]
[Result "1/2-1/2"]
[WhiteElo "2402"]
[BlackElo "2317"]
[PlyCount "90"]
[EventDate "2019.08.17"]
[EventType "swiss"]
[EventRounds "9"]
[EventCountry "FRA"]
[SourceTitle "EXT 2020"]
[Source "ChessBase"]
[SourceDate "2019.10.17"]
[SourceVersion "1"]
[SourceVersionDate "2019.10.17"]
[SourceQuality "1"]

1. d4 Nf6 2. c4 g6 3. Nc3 Bg7 4. e4 d6 5. h3 0-0 6. Nf3 e5 7. d5 Na6 8. Be3 Nc5 9. Nd2 a5 10. g4 c6 11. Be2 Bd7 12. g5 Ne8 13. Nb3 Na6 14. Bg4 f5 15. gxf6 Nxf6 16. Bxd7 Qxd7 17. dxc6 bxc6 18. Nxa5 d5 19. cxd5 cxd5 20. Nxd5 Nxd5 21. Qxd5+ Qxd5 22. exd5 Nb4 23. Nc4 Nc2+ 24. Ke2 Nxa1 25. Rxa1 e4 26. a4 Rfb8 27. a5 Rb4 28. Rc1 Bxb2 29. Rc2 Rc8 30. Rxb2 Rxb2+ 31. Nxb2 Rc2+ 32. Kd1 Rxb2 33. a6 g5 34. a7 Ra2 35. Kc1 h5 36. Kb1 Ra6 37. Kc2 h4 38. Bxg5 Rxa7 39. d6 Kf7 40. Bxh4 Ke6 41. Bg3 e3 42. fxe3 Rg7 43. Be1 Kxd6 44. Kd3 Rg1 45. Bf2 Ke5 1/2-1/2

[Event "FRA-ch Accession"]
[Site "Chartres"]
[Date "2019.08.19"]
[Round "3"]
[White "Abergel, Thal"]
[Black "Housieaux, David"]
[Result "1/2-1/2"]
[WhiteElo "2471"]
[BlackElo "2402"]
[PlyCount "117"]
[EventDate "2019.08.17"]
[EventType "swiss"]
[EventRounds "9"]
[EventCountry "FRA"]
[SourceTitle "EXT 2020"]
[Source "ChessBase"]
[SourceDate "2019.10.17"]
[SourceVersion "1"]
[SourceVersionDate "2019.10.17"]
[SourceQuality "1"]

1. Nf3 e6 2. c4 Nf6 3. g3 d5 4. Bg2 dxc4 5. Qa4+ Nbd7 6. Qxc4 a6 7. Qb3 c5 8. Nc3 Qc7 9. d3 Bd6 10. 0-0 0-0 11. Ng5 Rb8 12. Nce4 Nxe4 13. Nxe4 Be7 14. Bf4 e5 15. Be3 b6 16. f4 Bb7 17. fxe5 Nxe5 18. Bf4 Bd6 19. Rac1 Bxe4 20. Bxe4 Nc6 21. Qd5 Bxf4 22. Rxf4 Rbc8 23. Rcf1 Ne5 24. Qb7 Qxb7 25. Bxb7 Rc7 26. Be4 Rd8 27. Rc1 Re7 28. a3 a5 29. Bg2 Ng6 30. Re4 f5 31. Rxe7 Nxe7 32. b4 axb4 33. axb4 cxb4 34. Rc4 b3 35. Rb4 Rd6 36. Rxb3 Kf7 37. Rb5 Ke6 38. Kf2 Ng6 39. Bh3 Ne7 40. e4 Rxd3 41. exf5+ Kf6 42. Rxb6+ Kg5 43. f6 gxf6 44. Rb2 Ng6 45. Bf1 Ne5 46. Be2 h5 47. Rb8 Ng4+ 48. Ke1 Ra3 49. Rg8+ Kf5 50. h3 Ra1+ 51. Kd2 Ra2+ 52. Kd3 Ne5+ 53. Ke3 Ra3+ 54. Kf2 h4 55. gxh4 Rxh3 56. h5 Kf4 57. Kg2 Rh4 58. Ra8 f5 59. Ra4+ 1/2-1/2

[Event "Paris Oscaro blitz"]
[Site "Paris"]
[Date "2017.09.16"]
[Round "7"]
[White "Shirazi, Kamran"]
[Black "Housieaux, David"]
[Result "1-0"]
[WhiteElo "2345"]
[BlackElo "2404"]
[PlyCount "41"]
[EventDate "2017.09.16"]
[EventType "swiss (blitz)"]
[EventRounds "9"]
[EventCountry "FRA"]
[SourceTitle "CBM 180 Extra"]
[Source "ChessBase"]
[SourceDate "2017.10.06"]
[SourceVersion "1"]
[SourceVersionDate "2017.10.06"]
[SourceQuality "1"]

1. d4 Nf6 2. e3 d6 3. Ne2 e5 4. h3 Nc6 5. g3 Bf5 6. Bg2 Be4 7. f3 Bg6 8. g4 exd4 9. exd4 Nd5 10. 0-0 h5 11. f4 Nb6 12. f5 Bh7 13. g5 Be7 14. h4 f6 15. Nf4 Qd7 16. Ne6 g6 17. d5 Ne5 18. gxf6 Bf8 19. Bf4 gxf5 20. Bxe5 dxe5 21. Qxh5+ 1-0

[Event "FRA-ch Accession"]
[Site "Agen"]
[Date "2017.08.19"]
[Round "3"]
[White "Sanchez, Louis"]
[Black "Housieaux, David"]
[Result "1/2-1/2"]
[WhiteElo "2240"]
[BlackElo "2409"]
[PlyCount "43"]
[EventDate "2017.08.19"]
[EventType "swiss"]
[EventRounds "9"]
[EventCountry "FRA"]
[SourceTitle "EXT 2019"]
[Source "ChessBase"]
[SourceDate "2018.10.10"]
[SourceVersion "1"]
[SourceVersionDate "2018.10.10"]
[SourceQuality "1"]

1. Nf3 Nf6 2. g3 g6 3. Bg2 Bg7 4. 0-0 0-0 5. d4 d6 6. a4 a5 7. Nc3 Na6 8. e4 c6 9. h3 Qc7 10. Be3 e5 11. Qd2 Re8 12. Rfe1 Nb4 13. Rad1 b6 14. Qc1 Ba6 15. dxe5 dxe5 16. Bf1 Bxf1 17. Rxf1 Rad8 18. Nd2 Rd4 19. Nf3 Rc4 20. Nd2 Rd4 21. Nf3 Rc4 22. Nd2 1/2-1/2

[Event "Pyramides FFE GP op 5th"]
[Site "Le Port Marly"]
[Date "2016.11.12"]
[Round "6"]
[White "Maze, Sebastien"]
[Black "Housieaux, David"]
[Result "1-0"]
[WhiteElo "2615"]
[BlackElo "2415"]
[PlyCount "91"]
[EventDate "2016.11.12"]
[EventType "swiss"]
[EventRounds "9"]
[EventCountry "FRA"]
[SourceTitle "EXT 2018"]
[Source "ChessBase"]
[SourceDate "2017.10.13"]
[SourceVersion "1"]
[SourceVersionDate "2017.10.13"]
[SourceQuality "1"]

1. Nf3 Nf6 2. b3 g6 3. Bb2 Bg7 4. g3 0-0 5. Bg2 d6 6. 0-0 e5 7. c4 Nc6 8. Nc3 h6 9. d4 e4 10. Ne1 Re8 11. Nc2 a5 12. Qd2 Kh7 13. Rae1 h5 14. Bc1 Nb4 15. Ne3 c6 16. a3 Na6 17. Qc2 Qe7 18. f3 exf3 19. exf3 Bd7 20. Qd3 Ng8 21. h4 Nh6 22. Ne4 Qf8 23. g4 Kh8 24. gxh5 f5 25. Ng5 f4 26. Qxg6 Qg8 27. Ng4 Bf5 28. Nxh6 Bxg6 29. Nxg8 Bd3 30. Ne7 Bxd4+ 31. Kh2 Bxf1 32. Ng6+ Kg7 33. Rxf1 Nc5 34. Bxf4 Re2 35. Bxd6 Rd8 36. Nf4 Rxg2+ 37. Kxg2 Rxd6 38. b4 axb4 39. axb4 Be5 40. bxc5 Rd2+ 41. Rf2 Bxf4 42. Ne6+ Kf6 43. Nxf4 Rd4 44. Kg3 Rxc4 45. h6 Rxc5 46. h7 1-0

[Event "FRA-ch Accession"]
[Site "Saint Quentin"]
[Date "2015.08.19"]
[Round "10"]
[White "Collas, Didier"]
[Black "Housieaux, David"]
[Result "1-0"]
[WhiteElo "2379"]
[BlackElo "2445"]
[PlyCount "123"]
[EventDate "2015.08.09"]
[EventType "swiss"]
[EventRounds "11"]
[EventCountry "FRA"]
[SourceTitle "EXT 2016"]
[Source "ChessBase"]
[SourceDate "2015.10.08"]
[SourceVersion "1"]
[SourceVersionDate "2015.10.08"]
[SourceQuality "1"]

1. d4 Nf6 2. c4 g6 3. Nc3 Bg7 4. e4 d6 5. Nf3 0-0 6. Be2 e5 7. 0-0 Nc6 8. d5 Ne7 9. b4 Ne8 10. c5 f5 11. a4 Nf6 12. a5 Kh8 13. Bc4 h6 14. Nd2 g5 15. Ba3 Ng6 16. b5 b6 17. axb6 axb6 18. cxd6 cxd6 19. Bb4 Rb8 20. Ra7 Nf4 21. Re1 Bb7 22. Bf1 Rf7 23. g3 Ng6 24. Nc4 Ne8 25. exf5 Ne7 26. g4 Nc8 27. Ra3 Nf6 28. Ne4 Rd7 29. Nxf6 Bxf6 30. Bg2 Ne7 31. Qd3 Kg7 32. Ra7 Nc8 33. Ra4 Ne7 34. Rd1 Rc8 35. Ra7 Rb8 36. Ra3 Rc8 37. h3 Rb8 38. Rc3 Ra8 39. Ne3 Ra4 40. Rb1 Qb8 41. Qc2 Ra7 42. Rc1 Qa8 43. Rc6 Qd8 44. Qd1 Ra8 45. Nc4 Nc8 46. Nd2 Ra2 47. Qb3 Bxc6 48. dxc6 Rda7 49. Ne4 Ra1 50. Rxa1 Rxa1+ 51. Kh2 d5 52. Nxf6 Kxf6 53. Bxd5 Rb1 54. Qxb1 Qxd5 55. Qb2 Na7 56. c7 Qc4 57. Qc3 Qxb5 58. Qd2 Kf7 59. Qd6 Kg8 60. Qf8+ Kh7 61. Qf7+ Kh8 62. Be7 1-0

[Event "FRA-ch Accession"]
[Site "Saint Quentin"]
[Date "2015.08.18"]
[Round "9"]
[White "Housieaux, David"]
[Black "Jolly, Jean Francois"]
[Result "1-0"]
[WhiteElo "2445"]
[BlackElo "2345"]
[PlyCount "69"]
[EventDate "2015.08.09"]
[EventType "swiss"]
[EventRounds "11"]
[EventCountry "FRA"]
[SourceTitle "EXT 2016"]
[Source "ChessBase"]
[SourceDate "2015.10.08"]
[SourceVersion "1"]
[SourceVersionDate "2015.10.08"]
[SourceQuality "1"]

1. Nf3 d5 2. d4 Nf6 3. c4 e6 4. g3 Be7 5. Bg2 0-0 6. 0-0 dxc4 7. Qc2 a6 8. a4 Bd7 9. Qxc4 Bc6 10. Bf4 Bd6 11. Qc1 Nbd7 12. Nc3 Qe7 13. Rd1 a5 14. Bd2 Bxf3 15. Bxf3 c6 16. Bg2 Rac8 17. Be1 e5 18. dxe5 Qxe5 19. Qc2 Bb4 20. e3 Nc5 21. Rd4 Ne6 22. Rh4 Rfd8 23. Ne4 Bxe1 24. Nxf6+ Qxf6 25. Qxh7+ Kf8 26. Rxe1 Rd2 27. Rf1 Rcd8 28. b4 Rb2 29. Qh5 Rdd2 30. Qxa5 g5 31. Rh7 Rxf2 32. Qa8+ Nd8 33. Qxd8+ Qxd8 34. Rxf2 Rxf2 35. Rh8+ 1-0

[Event "Mitropa Cup 32nd"]
[Site "Meissen"]
[Date "2013.06.07"]
[Round "7.3"]
[White "Fridman, Daniel"]
[Black "Housieaux, David"]
[Result "1-0"]
[WhiteElo "2629"]
[BlackElo "2466"]
[PlyCount "91"]
[EventDate "2013.06.01"]
[EventType "team-tourn"]
[EventRounds "9"]
[EventCountry "GER"]
[SourceTitle "CBM 154 Extra"]
[Source "ChessBase"]
[SourceDate "2013.06.25"]
[SourceVersion "2"]
[SourceVersionDate "2013.06.25"]
[SourceQuality "1"]
[WhiteTeam "Germany"]
[BlackTeam "France"]
[WhiteTeamCountry "GER"]
[BlackTeamCountry "FRA"]

1. Nf3 Nf6 2. c4 g6 3. Nc3 Bg7 4. e4 d6 5. d4 0-0 6. Be2 e5 7. 0-0 Nc6 8. d5 Ne7 9. Ne1 Nd7 10. Nd3 f5 11. Bd2 Nf6 12. f3 Kh8 13. Rc1 c6 14. Kh1 a6 15. g4 b6 16. Be3 Rb8 17. Nb4 Bb7 18. dxc6 Nxc6 19. Nxc6 Bxc6 20. gxf5 gxf5 21. exf5 Ng4 22. Bg1 Nh6 23. Bd3 Nxf5 24. Be4 Rc8 25. Qd3 Nd4 26. Bxc6 Rxc6 27. Bxd4 exd4 28. Nd5 b5 29. b3 Qh4 30. f4 bxc4 31. bxc4 Rb8 32. Rf3 Qh5 33. Ne7 Rc7 34. Rh3 Qxh3 35. Ng6+ hxg6 36. Qxh3+ Kg8 37. Qe6+ Kh7 38. Rg1 Rb2 39. Qxg6+ Kh8 40. Qe8+ Kh7 41. Rg5 d5 42. Rh5+ Bh6 43. Qe6 Rb1+ 44. Kg2 Rg7+ 45. Kh3 Rg6 46. Qf7+ 1-0

[Event "Mitropa Cup 32nd"]
[Site "Meissen"]
[Date "2013.06.01"]
[Round "1.5"]
[White "Housieaux, David"]
[Black "Brunello, Sabino"]
[Result "1-0"]
[WhiteElo "2466"]
[BlackElo "2598"]
[PlyCount "79"]
[EventDate "2013.06.01"]
[EventType "team-tourn"]
[EventRounds "9"]
[EventCountry "GER"]
[SourceTitle "CBM 154 Extra"]
[Source "ChessBase"]
[SourceDate "2013.06.25"]
[SourceVersion "2"]
[SourceVersionDate "2013.06.25"]
[SourceQuality "1"]
[WhiteTeam "France"]
[BlackTeam "Italy"]
[WhiteTeamCountry "FRA"]
[BlackTeamCountry "ITA"]

1. c4 Nf6 2. g3 e6 3. Bg2 d5 4. Nf3 dxc4 5. Qa4+ c6 6. Qxc4 b5 7. Qc2 Bb7 8. 0-0 Nbd7 9. b3 Rc8 10. Bb2 c5 11. d3 Be7 12. Nbd2 0-0 13. Rfc1 Qb6 14. Qd1 Rfd8 15. Qf1 h6 16. h3 Nd5 17. Kh2 Bf8 18. a3 Nb8 19. Rc2 Nc6 20. Rac1 a5 21. Rb1 Qa7 22. a4 Ncb4 23. Rcc1 Na2 24. Re1 bxa4 25. bxa4 Bc6 26. Ne5 Bxa4 27. Bxd5 exd5 28. Ra1 Bb3 29. Nxb3 Qb6 30. Rxa2 Qxb3 31. Rea1 c4 32. Bd4 c3 33. Rxa5 c2 34. Qc1 Bb4 35. Ra7 Bc3 36. Qf4 Rf8 37. Rc1 Bxd4 38. Qxd4 Ra8 39. Rc7 Rfc8 40. R1xc2 1-0

[Event "Mitropa Cup 31st"]
[Site "Sibenik"]
[Date "2012.06.07"]
[Round "8"]
[White "Housieaux, David"]
[Black "Cvek, Robert"]
[Result "1-0"]
[WhiteElo "2452"]
[BlackElo "2563"]
[PlyCount "80"]
[EventDate "2012.05.31"]
[EventType "team-tourn"]
[EventRounds "9"]
[EventCountry "CRO"]
[SourceTitle "CBM 148 Extra"]
[Source "ChessBase"]
[SourceDate "2012.06.22"]
[SourceVersion "1"]
[SourceVersionDate "2012.06.22"]
[SourceQuality "1"]
[WhiteTeam "France"]
[BlackTeam "Czech Republic"]
[WhiteTeamCountry "FRA"]
[BlackTeamCountry "CZE"]

1. Nf3 Nf6 2. g3 d5 3. Bg2 c6 4. c4 Bg4 5. Ne5 Be6 6. cxd5 Bxd5 7. Nf3 c5 8. 0-0 e6 9. d3 Be7 10. b3 b6 11. Bb2 Bb7 12. Nbd2 Nc6 13. Ne5 Qc8 14. Nxc6 Bxc6 15. e4 0-0 16. Qe2 Nd7 17. Bh3 Bf6 18. e5 Be7 19. f4 Bd5 20. f5 exf5 21. Bxf5 Be6 22. Be4 Rb8 23. Qh5 g6 24. Qh6 Re8 25. Rxf7 Bxf7 26. e6 Nf6 27. exf7+ Kxf7 28. Rf1 Ke6 29. Bg2 Ng4 30. Qxh7 Kd7 31. Qxg6 Rg8 32. Qe4 Qe8 33. Qc6+ Kd8 34. Qd5+ Kc8 35. Qe6+ Kd8 36. Bc6 Rg6 37. Bf6 Rxf6 38. Rxf6 Nxf6 39. Bxe8 Kxe8 40. Nc4 Rd8 1-0

[Event "Mitropa Cup 31st"]
[Site "Sibenik"]
[Date "2012.05.31"]
[Round "1"]
[White "Housieaux, David"]
[Black "Shengelia, Davit"]
[Result "1-0"]
[WhiteElo "2452"]
[BlackElo "2551"]
[PlyCount "85"]
[EventDate "2012.05.31"]
[EventType "team-tourn"]
[EventRounds "9"]
[EventCountry "CRO"]
[SourceTitle "CBM 148 Extra"]
[Source "ChessBase"]
[SourceDate "2012.06.22"]
[SourceVersion "1"]
[SourceVersionDate "2012.06.22"]
[SourceQuality "1"]
[WhiteTeam "France"]
[BlackTeam "Austria"]
[WhiteTeamCountry "FRA"]
[BlackTeamCountry "AUT"]

1. c4 e6 2. g3 Nf6 3. Bg2 c5 4. Nf3 Nc6 5. 0-0 b6 6. d4 cxd4 7. Nxd4 Bb7 8. Nb5 Na5 9. Bf4 Rc8 10. Bxb7 Nxb7 11. Qa4 Na5 12. Nd2 a6 13. Nd6+ Bxd6 14. Bxd6 Rc6 15. Qa3 h5 16. h4 Ng4 17. Qd3 Nb7 18. Ba3 Nc5 19. Bxc5 bxc5 20. Ne4 Nf6 21. Nd6+ Ke7 22. Rad1 Qb6 23. Ne4 Nxe4 24. Qxe4 Qxb2 25. Rd3 Rb8 26. Rfd1 Rb7 27. Rf3 g6 28. Qf4 f5 29. Rfd3 Qf6 30. Qd2 Rcc7 31. Rd6 a5 32. Ra6 Kf7 33. Rxa5 Qd4 34. Qxd4 cxd4 35. Rxd4 Rb2 36. Kf1 Rc2 37. c5 Rb7 38. Rd1 Ke7 39. a4 Rbb2 40. Ra7 Rxe2 41. Rdxd7+ Ke8 42. c6 Rxf2+ 43. Ke1 1-0

[Event "FRA Cup"]
[Site "Bois Colombes"]
[Date "2012.05.19"]
[Round "1"]
[White "Delorme, Alban"]
[Black "Housieaux, David"]
[Result "0-1"]
[WhiteElo "2260"]
[BlackElo "2452"]
[PlyCount "92"]
[EventDate "2012.05.19"]
[EventType "team-match"]
[EventRounds "3"]
[EventCountry "FRA"]
[SourceTitle "EXT 2013"]
[Source "ChessBase"]
[SourceDate "2012.11.22"]
[SourceVersion "1"]
[SourceVersionDate "2012.11.22"]
[SourceQuality "1"]
[WhiteTeam "Sautron"]
[BlackTeam "Noyon"]
[WhiteTeamCountry "FRA"]
[BlackTeamCountry "FRA"]

1. e4 c6 2. d4 d5 3. Nc3 dxe4 4. Nxe4 Bf5 5. Ng3 Bg6 6. h4 h6 7. Nf3 Nd7 8. h5 Bh7 9. Bd3 Bxd3 10. Qxd3 e6 11. Bf4 Qa5+ 12. Bd2 Bb4 13. c3 Be7 14. Ne4 Ngf6 15. Nxf6+ Nxf6 16. Ne5 Qd5 17. Qg3 Qe4+ 18. Be3 Qh7 19. Qf3 Qe4 20. Qg3 Qh7 21. Qf3 Rd8 22. 0-0 Qf5 23. Qe2 Qxh5 24. g4 Qh3 25. f4 Qg3+ 26. Kh1 Qh3+ 27. Kg1 Qg3+ 28. Kh1 Bd6 29. Rf2 Bxe5 30. Rg1 Ne4 31. Rfg2 Bxf4 32. Rxg3 Nxg3+ 33. Rxg3 Bxg3 34. Kg2 Bh4 35. Qc4 0-0 36. Qc5 a6 37. a4 Rd7 38. b4 Be7 39. Qe5 Rfd8 40. a5 Bd6 41. Qe4 Be7 42. Bf4 Bf6 43. Qf3 Rd5 44. Bxh6 Bxd4 45. c4 R5d7 46. Bg5 Bf6 0-1

[Event "FRA-chT Top 12"]
[Site "Mulhouse"]
[Date "2011.05.27"]
[Round "2.2"]
[White "Iordachescu, Viorel"]
[Black "Housieaux, David"]
[Result "1-0"]
[WhiteElo "2640"]
[BlackElo "2436"]
[PlyCount "69"]
[EventDate "2011.05.26"]
[EventType "team-tourn"]
[EventRounds "11"]
[EventCountry "FRA"]
[SourceTitle "CBM 142 Extra"]
[Source "ChessBase"]
[SourceDate "2011.06.27"]
[SourceVersion "1"]
[SourceVersionDate "2011.06.27"]
[SourceQuality "1"]
[WhiteTeam "Metz Fischer"]
[BlackTeam "Noyon"]
[WhiteTeamCountry "FRA"]
[BlackTeamCountry "FRA"]

1. e4 e6 2. d4 d5 3. Nc3 Bb4 4. e5 Ne7 5. Bd2 b6 6. Nh3 Ng6 7. f4 0-0 8. a3 Bxc3 9. bxc3 f6 10. Qh5 Qe8 11. exf6 Rxf6 12. Bd3 Ba6 13. 0-0 Bxd3 14. cxd3 Qd7 15. Ng5 Nf8 16. Rae1 Nc6 17. Qh3 h6 18. Nf3 Ng6 19. Ne5 Ngxe5 20. dxe5 Rff8 21. g4 Rae8 22. d4 Ne7 23. Rf3 c5 24. Be3 cxd4 25. cxd4 Rc8 26. Bf2 Rc6 27. Rf1 Kh7 28. Be3 Rc3 29. Bd2 Rc4 30. f5 exf5 31. gxf5 Rxd4 32. Bc3 Re4 33. e6 Qa4 34. Rg3 Rg8 35. Qg2 1-0

[Event "FRA-chB 85th"]
[Site "Belfort"]
[Date "2010.08.12"]
[Round "4"]
[White "Bailet, Pierre"]
[Black "Housieaux, David"]
[Result "1-0"]
[WhiteElo "2425"]
[BlackElo "2423"]
[PlyCount "57"]
[EventDate "2010.08.09"]
[EventType "tourn"]
[EventRounds "11"]
[EventCountry "FRA"]
[EventCategory "9"]
[SourceTitle "CBM 137 Extra"]
[Source "ChessBase"]
[SourceDate "2010.09.01"]
[SourceVersion "1"]
[SourceVersionDate "2010.09.01"]
[SourceQuality "1"]

1. e4 e6 2. d4 d5 3. Nd2 Nf6 4. e5 Nfd7 5. Bd3 c5 6. c3 Nc6 7. Ngf3 a6 8. 0-0 g5 9. h4 gxh4 10. Re1 b5 11. a4 Rb8 12. axb5 axb5 13. dxc5 Nxc5 14. Bf1 Bg7 15. Nb3 Ne4 16. Nbd4 Bd7 17. Nxc6 Bxc6 18. Nd4 h3 19. Qh5 hxg2 20. Bxg2 Qd7 21. Ra6 Rc8 22. Bh6 Rg8 23. Rea1 Nc5 24. Nxc6 Rxc6 25. Ra7 Nb7 26. Qg5 Bxh6 27. Qxg8+ Bf8 28. Bf1 Rc8 29. R1a6 1-0

[Event "FRA-chB 85th"]
[Site "Belfort"]
[Date "2010.08.11"]
[Round "3"]
[White "Housieaux, David"]
[Black "Benitah, Yohan"]
[Result "1-0"]
[WhiteElo "2423"]
[BlackElo "2382"]
[PlyCount "105"]
[EventDate "2010.08.09"]
[EventType "tourn"]
[EventRounds "11"]
[EventCountry "FRA"]
[EventCategory "9"]
[SourceTitle "CBM 137 Extra"]
[Source "ChessBase"]
[SourceDate "2010.09.01"]
[SourceVersion "1"]
[SourceVersionDate "2010.09.01"]
[SourceQuality "1"]

1. d4 d5 2. c4 c6 3. Nf3 e6 4. e3 Nf6 5. Nc3 Nbd7 6. Bd3 dxc4 7. Bxc4 b5 8. Bd3 a6 9. 0-0 Bb7 10. a4 Bd6 11. Ng5 h6 12. Nge4 Be7 13. Qf3 0-0 14. Rd1 Qc7 15. Nxf6+ Nxf6 16. e4 c5 17. Bf4 Qb6 18. a5 Qa7 19. d5 b4 20. d6 Bd8 21. Na4 c4 22. Bb1 Bc6 23. Be3 Qb7 24. Nc5 Qb5 25. Qe2 e5 26. Rc1 Bxa5 27. b3 Bd8 28. bxc4 Qb8 29. Nxa6 Qc8 30. c5 Qb7 31. Bd3 Nxe4 32. Qb2 Nf6 33. Qxb4 Qc8 34. Bf1 Nd5 35. Qc4 Nxe3 36. fxe3 Bg5 37. Re1 Ra7 38. e4 Qg4 39. Ra2 Rfa8 40. Qd3 Qc8 41. Kh1 Qg4 42. Qf3 Qc8 43. Bc4 Kh8 44. Nb4 Rxa2 45. Nxa2 Bf4 46. Bxf7 Qb7 47. Qb3 Qa7 48. Nb4 Bxe4 49. Bd5 Bxd5 50. Qxd5 Qa5 51. Rd1 Bg5 52. Nc6 e4 53. Nxa5 1-0

[Event "FRA Cup sf"]
[Site "Noyon"]
[Date "2010.06.13"]
[Round "1"]
[White "Housieaux, David"]
[Black "Svetushkin, Dmitry"]
[Result "0-1"]
[WhiteElo "2431"]
[BlackElo "2547"]
[PlyCount "170"]
[EventDate "2010.06.12"]
[EventType "team-match"]
[EventRounds "1"]
[EventCountry "FRA"]
[SourceTitle "CBM 136 Extra"]
[Source "ChessBase"]
[SourceDate "2010.07.02"]
[SourceVersion "2"]
[SourceVersionDate "2010.07.15"]
[SourceQuality "1"]

1. d4 Nf6 2. c4 e6 3. g3 d5 4. Nf3 Be7 5. Bg2 0-0 6. 0-0 dxc4 7. Qc2 a6 8. Qxc4 b5 9. Qc2 Bb7 10. Bd2 Be4 11. Qc1 Bb7 12. Qc2 h6 13. Rd1 Bd6 14. Nc3 Nbd7 15. a3 c5 16. Be1 Qb6 17. dxc5 Bxc5 18. b4 Be7 19. e4 Rac8 20. Qe2 Qc7 21. h3 Qb8 22. Rd4 Nb6 23. Rad1 Nc4 24. a4 e5 25. R4d3 Bxb4 26. Nd5 Bxd5 27. Bxb4 Bxe4 28. Rc3 Rfe8 29. Nh4 Bxg2 30. Nxg2 Qb7 31. axb5 Qxb5 32. Rdc1 Qxb4 33. Rxc4 Rxc4 34. Rxc4 Qb5 35. Qc2 Qd7 36. g4 Nd5 37. Qe4 Qb5 38. Qc2 Nf4 39. Nxf4 exf4 40. Rc8 f3 41. h4 Qd7 42. Rxe8+ Qxe8 43. Kh2 a5 44. h5 a4 45. Kg3 Qb8+ 46. Kh3 Qa8 47. Kg3 a3 48. Qa2 Kf8 49. Kf4 Ke7 50. Ke3 g5 51. hxg6 fxg6 52. Qa1 Kf7 53. Qa2+ Kg7 54. Qa1+ Kh7 55. Qa2 Kg7 56. Qa1+ Kf7 57. Qa2+ Ke7 58. Qa1 Ke6 59. Qa2+ Kd6 60. Qf7 Qc8 61. Kxf3 Qc3+ 62. Kg2 Qc6+ 63. Kg3 Kc5 64. Qb3 Qd6+ 65. Kh3 Kc6 66. f3 Qc5 67. Qe6+ Kb5 68. Qb3+ Ka5 69. Kg2 Qc1 70. Kh3 Qb2 71. Qd5+ Kb4 72. Qe4+ Kb3 73. Qe6+ Kc3 74. Qe3+ Kc4 75. Qe6+ Kd3 76. Qxg6+ Ke2 77. Qe4+ Kf2 78. Qf4 Kf1 79. Qc4+ Kg1 80. g5 a2 81. Qc5+ Kh1 82. gxh6 a1Q 83. Kh4 Qf6+ 84. Kh5 Qxf3+ 85. Kg6 Qaf6+ 0-1